La disputa por los derechos a la diversidad sexual en América Latina : movilización social, contramovilización y partidos políticos /

Detalles Bibliográficos
Autores principales: Botero Urquijo, Diego Alejandro (Autor), Uribe Mendoza, Cristhian José (Autor)
Formato: Electrónico eBook
Lenguaje:español
Publicado: [Pamplona, Colombia] : Sello Editorial Unipamplona, [2024]
Edición:Primera edición.
Colección:Colección Ciencias sociales y humanas (Universidad de Pamplona)
Materias:
Acceso en línea:Digitalia Hispánica

MARC

LEADER 00000nam a2200000 i 4500
001 DIGUPAMP0066
003 NyNyDIG
007 cr |||||||||||
008 250904s2024 ck a ob 000 0 spa d
006 m o d
035 |a (OCoLC)1536544678 
040 |a DGITA  |b eng  |e rda  |e pn  |c DGITA 
020 |a 9786287656307  |q (digital) 
024 7 |a 10.24054/seu.79  |2 doi 
043 |a cl----- 
050 1 4 |a HQ76.8.L38 ebook 
100 1 |a Botero Urquijo, Diego Alejandro,  |e author. 
245 1 3 |a La disputa por los derechos a la diversidad sexual en América Latina :  |b movilización social, contramovilización y partidos políticos /  |c Diego Alejandro Botero Urquijo, Cristhian José Uribe Mendoza. 
250 |a Primera edición. 
264 1 |a [Pamplona, Colombia] :  |b Sello Editorial Unipamplona,  |c [2024] 
300 |a 1 online resource :  |b illustrations. 
336 |a text  |b txt  |2 rdacontent 
337 |a computer  |b c  |2 rdamedia 
338 |a online resource  |b cr  |2 rdacarrier 
347 |a text file  |2 rdaft 
347 |b PDF 
490 1 |a Colección Ciencias sociales y humanas 
504 |a Includes bibliographical references. 
588 0 |a Online resource; title from PDF title page (Digitalia, viewed September 4, 2025) 
650 0 |a Sexual minorities  |x Civil rights  |z Latin America. 
650 0 |a Sexual minorities  |x Political activity  |z Latin America. 
650 0 |a Gay rights  |z Latin America. 
700 1 |a Uribe Mendoza, Cristhian José,  |e author. 
791 2 |a Digitalia (Firm),  |e distributor. 
793 0 |g Digitalia eBook Collection:  |a Universidad de Pamplona 
830 0 |a Colección Ciencias sociales y humanas (Universidad de Pamplona) 
856 4 0 |3 Digitalia Hispánica  |u https://www.digitaliapublishing.com/a/175714/ 
910 |a Premium collection: 2025